000 00315nam a22001337a 4500
999 _c160672
_d160672
082 _a
_b
100 _aCharles Kingsley
245 _aEssays and lectures on english literature/
_cby Charles Kingsley.
260 _aNew Delhi:
_bDiscovery,
_c1999.
300 _a468p.
490 _a
650 _a
942 _cBK